书目信息 |
| 题名: |
中东历史与现状十八讲
|
|
| 作者: | 黄民兴 著 | |
| 分册: | ||
| 出版信息: | 西安 陕西人民出版社 2008.11 |
|
| 页数: | 234页 | |
| 开本: | 24cm | |
| 丛书名: | 西部人文讲座丛书 | |
| 单 册: | ||
| 中图分类: | D815.4 , K370.0 | |
| 科图分类: | ||
| 主题词: | 中东问题--zhong dong wen ti--研究 | |
| 电子资源: | ||
| ISBN: | 978-7-224-08645-4 | |
| 000 | 01064nam 2200289 450 | |
| 001 | 012009984134 | |
| 005 | 20090623083901.65 | |
| 010 | @a978-7-224-08645-4@dCNY25.00 | |
| 100 | @a20090623d2008 em y0chi0120 ea | |
| 101 | 0 | @achi |
| 102 | @aCN@b610000 | |
| 105 | @aa a 000yy | |
| 106 | @ar | |
| 200 | 1 | @a中东历史与现状十八讲@Azhong dong li shi yu xian zhuang shi ba jiang@f黄民兴著@Fhuang min xing zhu |
| 210 | @a西安@c陕西人民出版社@d2008.11 | |
| 215 | @a234页@c图@d24cm | |
| 225 | 2 | @a西部人文讲座丛书@Axi bu ren wen jiang zuo cong shu |
| 320 | @a有书目 (第225-232页) | |
| 330 | @a本书内容包括:“中东地理与古代历史的演变”、“中东近现代和当代历史的演变”、“上古中东宗教发展的特点”、“古代两河流域文明对古希腊文化的影响”、“中古伊斯兰政教关系的演变”等。 | |
| 410 | 0 | @12001 @a西部人文讲座丛书 |
| 606 | 0 | @a中东问题@Azhong dong wen ti@x研究 |
| 607 | @a中东@Azhong dong@x历史 | |
| 690 | @aD815.4@v4 | |
| 690 | @aK370.0@v4 | |
| 701 | 0 | @a黄民兴@Ahuang min xing@4著 |
| 801 | 0 | @aCN@bQSSK@c20090623 |
| 905 | @b747854-56@dD815.4@eH867@f3 | |
| 中东历史与现状十八讲/黄民兴著.-西安:陕西人民出版社,2008.11 |
| 234页:图;24cm.-(西部人文讲座丛书) |
| ISBN 978-7-224-08645-4:CNY25.00 |
| 本书内容包括:“中东地理与古代历史的演变”、“中东近现代和当代历史的演变”、“上古中东宗教发展的特点”、“古代两河流域文明对古希腊文化的影响”、“中古伊斯兰政教关系的演变”等。 |
| ● |
| 相关链接 |
|
|
|
正题名:中东历史与现状十八讲
索取号:D815.4/H867
 
预约/预借
| 序号 | 登录号 | 条形码 | 馆藏地/架位号 | 状态 | 备注 |
| 1 | 747854 | 207478549 | 社科库509/509社科库 78排8列6层/ [索取号:D815.4/H867] | 在馆 | |
| 2 | 747855 | 207478558 | 社科库509/509社科库 78排8列6层/ [索取号:D815.4/H867] | 在馆 | |
| 3 | 747856 | 207478567 | 社科库509/509社科库 78排8列6层/ [索取号:D815.4/H867] | 在馆 |